Detalles MARC
| 000 -LIDER |
| fixed length control field |
00924nam a22003257a 4500 |
| 001 - NÚMERO DE CONTROL |
| Identificador de número de control |
550 |
| 003 - IDENTIFICACDOR DE NÚMERO DE CONTROL |
| control field |
DO-SdBPM |
| 005 - DATE AND TIME OF LATEST TRANSACTION |
| control field |
20250609100759.0 |
| 007 - CAMPOS FIJOS DE DESCRIPCIÓN FÍSICA |
| fixed length control field |
550 |
| 008 - ELEMENTOS DE LONGITUD FIJA |
| fixed length control field |
870713s1992 sp spa |
| 015 ## - NÚMERO DENTRO DE LA BIBLIOGRAFÍA NACIONAL |
| National bibliography number |
|
| 017 ## - NÚMERO DE REGISTRO DE DERECHOS DE AUTOR |
| Copyright or legal deposit number |
|
| Assigning agency |
|
| 020 ## - ISBN |
| International Standard Book Number |
843482034X |
| 035 ## - NÚMERO LOCAL |
| System control number |
|
| 040 ## - FUENTE DE CATALOGACIÓN |
| Agencia que crea de manera original el registro |
DO-SdBPM |
| Idioma de catalogación |
spa |
| Agencia que realiza la transcripción |
BPMSU |
| Convenciones de la despripción |
|
| 082 #4 - NÚMERO DE CLASIFICACIÓN DECIMAL DE DEWEY |
| Classification number |
863.6 |
| Item number |
G633m 1992 |
| Edition number |
22 |
| 100 2# - ASIENTO PRINCIPAL -- NOMBRE PERSONAL |
| Nombre personal |
Gómez Cerdá, Alfredo |
| Fechas asociadas con el nombre |
1951- |
| 245 10 - MENCIÓN DE TITULO |
| Título |
Macaco y Antón / |
| Mención de responsabilidad |
Alfredo Gómez Cerdá ; ilustraciones, Margarita Menéndez |
| 250 ## - MENCIÓN DE EDICION |
| Mención de edición |
4a. edición |
| 260 1# - PUBLICACIÓN, DISTRIBUCIÓN, ETC. (PIE DE IMPRENTA) |
| Lugar de publicación, distribución, etc |
Madrid : |
| Nombre del editor, distribuidor, etc. |
Ediciones SM, |
| Fecha de publicación, distribución, etc |
1992 |
| 300 ## - DESCRIPCIÓN FÍSICA |
| Extensión |
62 p. : |
| Otros detalles físicos |
il. ; |
| Dimensiones |
20 cm. |
| 490 0# - MENCIÓN DE SERIES |
| Mención de serie |
El barco de vapor, |
| Volume/sequential designation |
15 |
| 590 ## - NOTA LOCAL |
| Texto de la nota local |
Inventariado, 2025/VM |
| 650 #4 - ENCABEZAMIENTO DE MATERIA--TEMÁTICO |
| Término temático o nombre geográfico como elemento de entrada |
Cuentos infantiles españoles |
| 650 #4 - ENCABEZAMIENTO DE MATERIA--TEMÁTICO |
| Término temático o nombre geográfico como elemento de entrada |
Amistad |
| Subdivisión de forma |
Cuentos |
| 650 #4 - ENCABEZAMIENTO DE MATERIA--TEMÁTICO |
| Término temático o nombre geográfico como elemento de entrada |
Ferroviarios |
| Subdivisión de forma |
Cuentos |
| 700 1# - ASIENTO SECUNDARIO -- NOMBRE PERSONAL |
| Nombre personal |
Menéndez, Margarita |
| Mención de responsabilidad |
ilustraciones |
| 910 ## - VALIDACIÓN |
| Validación |
VMateo V. Control de calidad. BPMSU |
| 942 ## - ADDED ENTRY ELEMENTS (KOHA) |
| Source of classification or shelving scheme |
Dewey Decimal Classification |
| Koha item type |
Libros |